Beg duit hilang

Bibliographic Details
Main Author: Nurdia Azlin
Format: Book
Published: Petaling Jaya : Pustaka Pepada Jaya , 1987
Series:Siri bacalah sayangku
Subjects:

MARC

LEADER 00000cam a2200000 7i4500
001 0000003473
002 000003743
005 20000330.0
020 |a 9839597027 
090 0 0 |a JF   |b NUR 
100 0 |a Nurdia Azlin 
245 1 0 |a Beg duit hilang   |c Nurdia Azlin 
260 |a Petaling Jaya :   |b Pustaka Pepada Jaya ,   |c 1987 
300 |a 22p. :   |b ill. ;   |c 21cm. 
490 0 |a Siri bacalah sayangku 
650 0 0 |a Children's stories, Malay 
999 |a 016806   |b BUKU   |c PINJAMAN   |e PERPUSTAKAAN KOMUNITI PETALING JAYA 
999 |a 031670   |b BUKU   |c PINJAMAN   |e PERPUSTAKAAN KOMUNITI CAW KOTA DAMANSARA 
999 |a 031671   |b BUKU   |c PINJAMAN   |e PERPUSTAKAAN KOMUNITI CAW KOTA DAMANSARA 
999 |a 031673   |b BUKU   |c PINJAMAN   |e PERPUSTAKAAN KOMUNITI PETALING JAYA